| 000 | 01014nam a22002657a 4500 | ||
|---|---|---|---|
| 001 | 7289 | ||
| 003 | FISKH | ||
| 005 | 20250708133844.0 | ||
| 008 | 250708b cb ||||| |||| 00| 0 eng d | ||
| 020 | _a9781403777034 | ||
| 040 |
_aFISKH _beng _cFISKH _dFISKH |
||
| 050 | _a PZ7.P83 P | ||
| 082 | _a813.52 | ||
| 100 |
_aH.Porter, Eleanor _d(1868–1920) |
||
| 245 |
_aPollyanna / _cEleanor H.Porter ; Condensed and Adapted by Laura Hill ; Illustrated by Jon Sayer ; Cover Illustrated by Dahl Taylor |
||
| 250 | _aThis edition first published in 2011 | ||
| 260 |
_aFranklin : _bDalmatian, _c2011 |
||
| 300 |
_a182 pages : _billustrations ; _c20 cm |
||
| 520 | _aWhen orphaned, eleven-year-old Pollyanna comes to live with austere and wealthy Aunt Polly, her philosophy of gladness brings happiness to her aunt and other unhappy members of the community. | ||
| 650 |
_2Classics _aOrphans |
||
| 650 |
_2American literature _aVermont |
||
| 700 |
_aSayer, Jon _dillustrator |
||
| 942 |
_2ddc _cBK _n0 |
||
| 999 |
_c7289 _d7289 |
||